• 首页
  • 本馆介绍
  • 公告通知
  • 最新文献
  • 馆藏检索
  • 电子资源
  • 读者导购
  • 参考咨询
  • 我的图书馆
  • 登录
  • 详细信息显示
  • 放入我的书架
  • 预约/预借图书
  • 作者相关作品
  • 分类相关作品
  • 丛书相关作品
  • 出版社相关作品

书目信息

  • 表格格式
  • 工作单格式
  • 卡片格式
题名:
西方国家法律制度 社会政策及立法
    
 
作者: 曾繁正 编译
分册:  
出版信息: 北京   红旗出版社  1998
页数: 311页
开本: 21cm
丛书名: 哈佛大学行政管理学院行政教程系列
单 册:
中图分类: D035 , D901
科图分类:
主题词: 法制--西方国家--高等学校--教材 , 法制 , 立法--西方国家--高等学校--教材 , 立法 , 国家理论
电子资源:
ISBN: 7-5051-0262-1
000 01127oam2 2200313 450
001 1234016656
005 20121004092813.18
010    @a7-5051-0262-1@dCNY19.80
100    @a19990127d1998 em y0chiy0110 ea
101 1  @achi@ceng
102    @aCN@b110000
105    @ay z 000yy
200 1  @a西方国家法律制度 社会政策及立法@Axi fang guo jia fa lv zhi du she hui zheng ce ji li fa@f曾繁正等编译
210    @a北京@c红旗出版社@d1998
215    @a311页@d21cm
225 2  @a哈佛大学行政管理学院行政教程系列@i重要核心课程@dSeries of administration courses in the Administration School of Harvard University@iThe core courses@zeng
461  0 @12001 @a哈佛大学行政管理学院行政教程系列
462  0 @12001 @a重要核心课程@aThe core courses
510 1  @aLegal system social policy and legislation in Western Countries@zeng
606 0  @a法制@y西方国家@x高等学校@x教材
606 0  @a法制
606 0  @a立法@y西方国家@x高等学校@x教材
606 0  @a立法
606 0  @a国家理论
690    @aD035@v3
690    @aD901@v3
701  0 @a曾繁正@Azeng fan zheng@4编译
801  0 @aCN@bNLC@c20101222
905    @a10447@dD035@eJY31
    
    西方国家法律制度 社会政策及立法/曾繁正等编译.-北京:红旗出版社,1998
    311页;21cm.-(哈佛大学行政管理学院行政教程系列.重要核心课程=Series of administration courses in the Administration School of Harvard University.The core courses)
    
    
    ISBN 7-5051-0262-1:CNY19.80
    
●
相关链接 在E读中查询图书 在五车中查询图书 在当当中查询图书 在豆瓣中查询图书


正题名:西方国家法律制度 社会政策及立法     索取号:D035/JY31         预约/预借

序号 登录号 条形码 馆藏地/架位号 状态 备注
1 7811269   278112695   学院路分馆/ [索取号:D035/JY31] 在馆    
2 7811270   278112702   学院路分馆/ [索取号:D035/JY31] 在馆    
3 7811271   278112711   学院路分馆/ [索取号:D035/JY31] 在馆    
4 7811272   278112720   学院路分馆/ [索取号:D035/JY31] 在馆    
唐山师范学院图书馆 欢迎您!
大连网信软件有限公司© 版权所有